00679cam a22002174a 4500003000500000005001700005008002900022020002700051020002800078040003200106041001200138082001400150100002300164245003400187260004800221300003300269490003300302500002000335650004500355800006100400322820220516162156.0040204s2005 001 0 eng  a076141780X (lib. bdg.) a9780761417804qHardback aDLCcDLCdDLCbEnglisheRDA aEnglish00a612.2 RAU1 aRau, Dana Meachen,10aMy lungs /cDana Meachen Rau. aTarrytown, N.Y. :bBenchmark Books,cc2005. a31 p. :bcol. ill. ;c19 cm.1 aBookworms. What's inside me? aIncludes index. 0aRespiratory organsvJuvenile literature.1 aRau, Dana Meachen,d1971-tBookworms.pWhat's inside me?